Procedimiento para el control de contratistas en proyectos de desarrollo de vivienda en serie

محفوظ في:
التفاصيل البيبلوغرافية
المؤلف الرئيسي: Rodríguez Masís, Natalia
التنسيق: كتاب
منشور في: [San José, Costa Rica] 2008
الموضوعات:
الوسوم: إضافة وسم
لا توجد وسوم, كن أول من يضع وسما على هذه التسجيلة!

MARC

LEADER 00000nam a2200000Ia 4500
003 010394
005 20221231144054.0
008 140114s2008 cr a 000 ||s d
040 |c cru CEDI  
090 |a TFG 5771 
100 |a Rodríguez Masís, Natalia   |9 4052 
245 |a  Procedimiento para el control de contratistas en proyectos de desarrollo de vivienda en serie 
260 |c 2008  |b [San José, Costa Rica] 
300 |a iii, 92 hojas; ilustraciones (algunas a color), 1 mapa color 
500 |a Tesis (licenciatura en ingeniería civil)--Universidad de Costa Rica. Facultad de Ingeniería. Escuela de Ingeniería Civil 
650 |x CONTRATISTAS INDEPENDIENTES   |x  CONSTRUCCION DE VIVIENDAS   |x PRODUCCION (TEORIA ECONOMICA)  |x  CONTROL   |x  PROYECTOS DE DESARROLLO   |9 4053 
942 |c TFG 
999 |c 16464  |d 16464